01737nam a2200241Ia 4500001000400000008004100004010000800045041001400053082002000067245018100087260001800268300000700286520000700293630003100300630001300331630001600344630002200360630001700382650002200399700002900421700004400450520100100494810241029s9999 xx 000 0 und d a733 aEspañol aTPG EEM 02 2009 0aEvaluación de la ortografía en los alumnos del Primer Ciclo Segundo Grado en el Nivel Medio de Sabana Grande de Boya en el Liceo Yolanda Esther Rivera en el año 2008-2009 aSanto Domingo a58 a18 aActitud de los Estudiantes aAlumnado aAprendizaje aCalidad Educativa aCompetencias aLengua Española easesoraMedrano, Gerardo eautoraJiménez Álvarez , Adalgina aEl propósito principal de este estudio  consistió en describir las dificultades ortográficas en el proceso de redacción de los estudiantes del Primer Ciclo en el Nivel Medio del Liceo Yolanda Esther Rivera de Sabana Grande de Boya. La metodología empleada fue de tipo evaluativo, descriptivo;  se fundamentó en el método de la encuesta,  como instrumento se empleó una entrevista.  Se trabajó con una muestra de 30 estudiantes seleccionados de manera aleatoria  y 4 profesores por cada asignatura fundamental.  Se detectaron problemas de acentuación, los alumnos son reacios a cumplir con las normas de acentuación y más aún con los signos,  pero en el uso de la c-s fue muy notoria la deficiencia siendo un  porcentaje de un 73% en los varones y un 26% en las hembras.Se recomienda que haya  interacción maestro alumno que al acercarse pueda verificar las dificultades ortográficas,  tomar en cuenta las faltas ortográficas al realizar las revisiones.